| 000 | 00548nam a2200145 a 4500 | ||
|---|---|---|---|
| 001 | 000029112 | ||
| 005 | 20200930055335.0 | ||
| 008 | 110413s1986 dr ad 000 0 spa d | ||
| 040 |
_aDO-SdBNP _bspa _cBNPHU |
||
| 110 | 1 |
_aRepública Dominicana _bSecretaría de Estado de Finanzas _932264 |
|
| 245 | 1 | 0 |
_aDeuda pública de la República: Dominicana. : _bdeuda pública interna y externa al 31 de diciembre , 1985. |
| 260 |
_aSanto Domingo : _bInstituto de Capacitación Triburaria, _c1986. |
||
| 300 |
_a213 P. : _bil., gráf. ; _c28 cm. |
||
| 049 | _aBNPD | ||
| 999 |
_c28604 _d28604 |
||